书目信息 |
| 题名: |
嗅鞘细胞移植
|
|
| 作者: | 黄红云 主编 | |
| 分册: | ||
| 出版信息: | 北京 科学出版社 2007.07 |
|
| 页数: | 349页 | |
| 开本: | 26cm | |
| 丛书名: | ||
| 单 册: | ||
| 中图分类: | R741.05 | |
| 科图分类: | ||
| 主题词: | 神经病学 | |
| 电子资源: | ||
| ISBN: | 978-7-03-019301-8 | |
| 000 | 00555nam0 2200193 450 | |
| 001 | 0933755947 | |
| 005 | 20091223092348.39 | |
| 010 | @a978-7-03-019301-8@b精装@dCNY68.00 | |
| 100 | @a20091223d2007 km y0chiy0120 ea | |
| 101 | 0 | @achi |
| 102 | @aCN@b110000 | |
| 200 | 1 | @a嗅鞘细胞移植@Axiu qiao xi bao yi zhi@f黄红云主编@Fhuang hong yun zhu bian |
| 210 | @a北京@c科学出版社@d2007.07 | |
| 215 | @a349页@d26cm | |
| 606 | 0 | @a神经病学 |
| 690 | @aR741.05@v4 | |
| 701 | 0 | @a黄红云@Ahuang hong yun@4主编 |
| 801 | 0 | @aCN@bNISOFT@c20091223 |
| 905 | @aBZT@dR741.05@e4 | |
| 嗅鞘细胞移植/黄红云主编.-北京:科学出版社,2007.07 |
| 349页;26cm |
| ISBN 978-7-03-019301-8(精装):CNY68.00 |
| ● |
| 相关链接 |
|
|
|
正题名:嗅鞘细胞移植
索取号:R741.05/4
 
预约/预借
| 序号 | 登录号 | 条形码 | 馆藏地/架位号 | 状态 | 备注 |
| 1 | 729142 | 2000729142 | 样本书库/样006架B面2层1列/ [索取号:R741.05/4] | 在馆 | |
| 2 | 729143 | 2000729143 | 中心书库中库/ 中库014架A面2列3层46/ [索取号:R741.05/4] | 在馆 | |
| 3 | 729144 | 2000729144 | 中心书库中库/ 中库014架A面2列3层54/ [索取号:R741.05/4] | 在馆 | |
| 4 | 729145 | 2000729145 | 中心书库中库/ 中库014架A面2列3层53/ [索取号:R741.05/4] | 在馆 |